000 00296nam a22001457a 4500
008 210322b ||||| |||| 00| 0 eng d
020 _a9780324581324
041 _aeng
080 _a316
082 _a316
100 _a50
101 _aSOC
245 _aORGB
_cNelson, D. L
942 _2udc
_cBK
999 _c56644
_d56644